000 00269nam a2200097Ia 4500
008 241105s9999 xx 000 0 und d
041 _aeng
100 _aSurve Sejal
_9182601
245 _aInstitute Of Fashion Technology At Pune
260 _bFinal Year B. Arch, BNCA
_c2014
999 _c360892
_d360892